<?xml version="1.0" encoding="UTF-8"?>
<marc:record xmlns:marc="http://www.loc.gov/MARC21/slim">
   <marc:leader>00000nam a2200000 a 4500</marc:leader>
   <marc:datafield ind1="1" ind2=" " tag="100">
      <marc:subfield code="a">Ahern, Cecelia</marc:subfield>
      <marc:subfield code="4">aut</marc:subfield>
      <marc:subfield code="e">Verfasser/-in</marc:subfield>
   </marc:datafield>
   <marc:datafield ind1=" " ind2=" " tag="653">
      <marc:subfield code="a">Irische Literatur</marc:subfield>
   </marc:datafield>
   <marc:datafield ind1=" " ind2=" " tag="653">
      <marc:subfield code="a">vor sieben Jahren ist geliebter Mann gestorben</marc:subfield>
   </marc:datafield>
   <marc:datafield ind1=" " ind2=" " tag="653">
      <marc:subfield code="a">ihr Briefe hinterlassen haben</marc:subfield>
   </marc:datafield>
   <marc:datafield ind1=" " ind2=" " tag="653">
      <marc:subfield code="a">in ein neues Leben begleitet haben</marc:subfield>
   </marc:datafield>
   <marc:datafield ind1=" " ind2=" " tag="653">
      <marc:subfield code="a">von einer Gruppe unheilbar Kranker angesprochen we</marc:subfield>
   </marc:datafield>
   <marc:datafield ind1=" " ind2=" " tag="653">
      <marc:subfield code="a">von seiner Geschichte inspiriert</marc:subfield>
   </marc:datafield>
   <marc:datafield ind1=" " ind2=" " tag="653">
      <marc:subfield code="a">ihren Lieben ebenfalls Botschaften hinterlassen</marc:subfield>
   </marc:datafield>
   <marc:datafield ind1=" " ind2=" " tag="653">
      <marc:subfield code="a">nicht in die Vergangenheit zurückgezogen werden</marc:subfield>
   </marc:datafield>
   <marc:datafield ind1=" " ind2=" " tag="653">
      <marc:subfield code="a">den Mitgliedern zu helfen beginnen</marc:subfield>
   </marc:datafield>
   <marc:datafield ind1=" " ind2=" " tag="653">
      <marc:subfield code="a">Mitglieder des P.S. Ich liebe Dich-Club</marc:subfield>
   </marc:datafield>
   <marc:datafield ind1=" " ind2=" " tag="653">
      <marc:subfield code="a">wir alle können Sinn finden</marc:subfield>
   </marc:datafield>
   <marc:datafield ind1=" " ind2=" " tag="653">
      <marc:subfield code="a">wir alle können die Liebe weitertragen</marc:subfield>
   </marc:datafield>
   <marc:datafield ind1="0" ind2="0" tag="245">
      <marc:subfield code="a">Postscript</marc:subfield>
   </marc:datafield>
   <marc:datafield ind1="0" ind2="0" tag="245">
      <marc:subfield code="b">Was ich dir noch sagen möchte ; Roman</marc:subfield>
   </marc:datafield>
   <marc:datafield ind1="0" ind2="0" tag="245">
      <marc:subfield code="c">Ahern, Cecelia</marc:subfield>
   </marc:datafield>
   <marc:datafield ind1=" " ind2="1" tag="264">
      <marc:subfield code="a">Frankfurt a. M.</marc:subfield>
      <marc:subfield code="b">Fischer</marc:subfield>
      <marc:subfield code="c">2019</marc:subfield>
   </marc:datafield>
   <marc:datafield ind1="1" ind2=" " tag="490">
      <marc:subfield code="a">P. S. Ich liebe dich</marc:subfield>
      <marc:subfield code="v">2</marc:subfield>
   </marc:datafield>
   <marc:datafield ind1="1" ind2=" " tag="520">
      <marc:subfield code="a">»Greif nach den Sternen. Einen davon wirst du bestimmt erwischen.«Die überraschende Fortsetzung des Millionen-Bestsellers »P.S. Ich liebe Dich«.Vor sieben Jahren ist Holly Kennedys geliebter Mann Gerry viel zu jung an Krebs gestorben. Er hat ihr ein wunderbares Geschenk hinterlassen: eine Reihe von Briefen, die sie durch die Trauer begleitet haben. Holly ist stolz darauf, dass sie sich inzwischen ein neues Leben aufgebaut hat. Da wird sie von einer kleinen Gruppe von Menschen angesprochen, die alle unheilbar krank sind. Inspiriert von Gerrys Geschichte, möchten sie ihren Lieben ebenfalls Botschaften hinterlassen.Holly will nicht in die Vergangenheit zurückgezogen werden. Doch als sie beginnt, den Mitgliedern des »P.S. Ich liebe Dich«-Clubs zu helfen, wird klar: Jeder von uns kann seinen ganz eigenen Lebenssinn finden. Und die Liebe weitertragen. Wenn wir uns nur auf die Frage einlassen: Was will ich heute noch sagen und tun, falls ich morgen nicht mehr da bin? »Postscript« ist ein eigenständiger, tief berührender Roman über die essentiellen Lebensfragen: Wie können wir sinnvoll und glücklich leben, obwohl wir einmal sterben müssen? Was können wir unseren Liebsten mitgeben? Und was bleibt von uns? Ergreifend, humorvoll und inspirierend schreibt Cecelia Ahern über das Leben und den Tod; über Schmerz, Liebe und Glück; über das Hier und Jetzt und die Zukunft.[Verlagsmeldung]</marc:subfield>
   </marc:datafield>
   <marc:datafield ind1=" " ind2=" " tag="020">
      <marc:subfield code="a">9783810530677</marc:subfield>
      <marc:subfield code="9">9783810530677</marc:subfield>
   </marc:datafield>
   <marc:datafield ind1=" " ind2=" " tag="020">
      <marc:subfield code="a">3810530670</marc:subfield>
      <marc:subfield code="9">3810530670</marc:subfield>
   </marc:datafield>
   <marc:datafield ind1=" " ind2=" " tag="041">
      <marc:subfield code="a">ger</marc:subfield>
   </marc:datafield>
   <marc:datafield ind1="0" ind2=" " tag="490">
      <marc:subfield code="v">2</marc:subfield>
   </marc:datafield>
   <marc:datafield ind1=" " ind2=" " tag="338">
      <marc:subfield code="a">Band</marc:subfield>
   </marc:datafield>
   <marc:datafield ind1=" " ind2=" " tag="300">
      <marc:subfield code="a">429 S.</marc:subfield>
   </marc:datafield>
</marc:record>
